Confessonario en lengua mixe (Record no. 162838)
[ view plain ]
| 000 -LEADER | |
|---|---|
| campo de control de longitud fija | 01273nam a2200253 i 4500 |
| 001 - NÚMERO DE CONTROL | |
| campo de control | 162838 |
| 003 - IDENTIFICADOR DE NÚMERO DE CONTROL | |
| campo de control | ES-MaACL |
| 005 - FECHA Y HORA DE LA ÚLTIMA TRANSACCIÓN | |
| campo de control | 20230906212620.0 |
| 008 - DATOS DE LONGITUD FIJA--INFORMACIÓN GENERAL | |
| campo de control de longitud fija | 050721s1890 fr |||| | spa d |
| 100 1# - ENTRADA PRINCIPAL--NOMBRE DE PERSONA | |
| Nombre de persona | Quintana, Agustín de. |
| 9 (RLIN) | 131525 |
| 245 10 - MENCIÓN DEL TÍTULO | |
| Título | Confessonario en lengua mixe |
| Resto del título | : con una construcción de las oraciones de la doctrina christiana, y un compendio de voces mixes, para enseñarse a prononciar [sic] la dicha lengua / |
| Mención de responsabilidad, etc. | escrito todo por P. Fr. Agustín de Quintana de la Orden de Predicadores ; publié par le Comte de Charencey. |
| 260 ## - PUBLICACIÓN, DISTRIBUCIÓN, ETC. | |
| Lugar de publicación, distribución, etc. | [S.l. : |
| Nombre del editor, distribuidor, etc. | s.n.], |
| Fecha de publicación, distribución, etc. | 1890 ( |
| Lugar de fabricación/manufactura | Alençon : |
| Fabricante | E. Renaut-de Broise) |
| 300 ## - DESCRIPCIÓN FÍSICA | |
| Extensión | p. 188-334 p. ; |
| Dimensiones | 22 cm. |
| 530 ## - NOTA DISPONIBLE DE FORMULARIO FÍSICO ADICIONAL | |
| Nota de formato físico adicional disponible | Disponible en formato digital. |
| 534 ## - NOTA SOBRE LA VERSIÓN ORIGINAL | |
| Frase introductoria | Reproducción de la ed. de: |
| Publicación, distribución, etc. del original | Puebla : por la Viuda de Miguel de Ortega, 1733. |
| 546 ## - NOTA DE IDIOMA | |
| Nota de lengua/lenguaje | Texto en español y mixe. |
| 595 ## - | |
| -- | Separata de: Bulletin de la Société Philologique. |
| 650 04 - PUNTO DE ACCESO ADICIONAL DE MATERIA--TÉRMINO DE MATERIA | |
| Término de materia o nombre geográfico como elemento de entrada | Penitencia. |
| 9 (RLIN) | 15920 |
| 650 #4 - PUNTO DE ACCESO ADICIONAL DE MATERIA--TÉRMINO DE MATERIA | |
| Término de materia o nombre geográfico como elemento de entrada | Lengua mixe. |
| 9 (RLIN) | 155520 |
| 650 #4 - PUNTO DE ACCESO ADICIONAL DE MATERIA--TÉRMINO DE MATERIA | |
| Término de materia o nombre geográfico como elemento de entrada | Indios de México- |
| Subdivisión general | Lenguas. |
| 9 (RLIN) | 13697 |
| 700 1# - ENTRADA AGREGADA--NOMBRE PERSONAL | |
| Nombre de persona | Charencey, Hyacinthe de ( |
| Fechas asociadas al nombre | 1832-1916) |
| 9 (RLIN) | 155471 |
| 852 ## - LOCALIZACIÓN | |
| Ubicación | ES-MaACL |
| Número de control de estantería | G-2662(4) |
| Nota libre | - Enc. hol. |
| -- | - Enc. en un vol. facticio |
| 856 ## - LOCALIZACIÓN Y ACCESO ELECTRÓNICOS | |
| Identificador Uniforme de Recursos | <a href="http://bdh-rd.bne.es/viewer.vm?id=0000124398&page=1 ">http://bdh-rd.bne.es/viewer.vm?id=0000124398&page=1 </a> |
| Nota pública | Biblioteca Digital Hispánica |
| Estatus retirado | Estado de pérdida | Estado de daño | No para préstamo | Colección | Biblioteca de origen | Biblioteca actual | Ubicación en estantería | Fecha de adquisición | Total de préstamos | Signatura topográfica completa | Código de barras | Visto por última vez | Precio de reemplazo | Tipo de ítem Koha |
|---|---|---|---|---|---|---|---|---|---|---|---|---|---|---|
| Colección digital | Biblioteca del Ateneo de Madrid | Biblioteca del Ateneo de Madrid | Depósito 2 | 17/01/2008 | G-2662(4) | 1170609 | 23/02/2023 | 23/02/2023 | Libro impreso antiguo |
